Central Library OPAC University of Rajshahi

ভারতের কৃষক বিদ্রোহ ও গনতান্ত্রিক সংগ্রাম / (Record no. 77728)

MARC details
000 -LEADER
fixed length control field 01005nam a2200241 a 4500
001 - CONTROL NUMBER
control field 77728
003 - CONTROL NUMBER IDENTIFIER
rucl marc code BD-RjUL
005 - DATE AND TIME OF LATEST TRANSACTION
control field 20211209083021.0
008 - FIXED-LENGTH DATA ELEMENTS--GENERAL INFORMATION
fixed length control field 210102s1986 ii 000 0 ben
035 ## - SYSTEM CONTROL NUMBER
System control number (BD-RjUL)77954
040 ## - CATALOGING SOURCE
Original cataloging agency DLC
Transcribing agency DLC
Modifying agency BD-RjUL
Language of cataloging eng
041 ## - LANGUAGE CODE
Language code of text/sound track or separate title ben
082 00 - DEWEY DECIMAL CLASSIFICATION NUMBER
Classification number 322.42095412
Author mark and year RAB 1996
Edition number 19
100 ## - MAIN ENTRY--PERSONAL NAME
Personal name রায়, সুপ্রকাশ
9 (RLIN) 116896
245 ## - TITLE STATEMENT
Title ভারতের কৃষক বিদ্রোহ ও গনতান্ত্রিক সংগ্রাম /
Statement of responsibility, etc. সুপ্রকাশ রায়
250 ## - EDITION STATEMENT
Edition statement ২য় সং
260 ## - PUBLICATION, DISTRIBUTION, ETC. (IMPRINT)
Place of publication, distribution, etc. কলিকাতা :
Name of publisher, distributor, etc. বুক ওয়ালর্ড,
Date of publication, distribution, etc. ১৯৯৬
300 ## - PHYSICAL DESCRIPTION
Pagination ২০, ৪৩১পৃ. ;
Size ২২ সেমি.
650 ## - SUBJECT ADDED ENTRY--TOPICAL TERM
Topical term or geographic name as entry element কৃষক
Form subdivision রাজনৈতিক কার্যকলাপ
General subdivision ইতিহাস
Geographic subdivision ভারত
9 (RLIN) 243178
Topical term or geographic name as entry element Peasants
Form subdivision Political activity
General subdivision History
Geographic subdivision India
9 (RLIN) 243179
651 ## - SUBJECT ADDED ENTRY--GEOGRAPHIC NAME
Geographic name India -- Bihar -- History.
9 (RLIN) 243180
942 ## - ADDED ENTRY ELEMENTS (KOHA)
Source of classification or shelving scheme Dewey Decimal Classification
Koha item type Books
Holdings
Lost status Source of classification or shelving scheme Damaged status Not for loan Collection code Permanent Location Current Location Shelving location Date acquired Source of acquisition Cost, normal purchase price Total Checkouts Full call number Date last seen Copy number Koha item type
  Dewey Decimal Classification   Not For Loan Non-fiction Central Library, University of Rajshahi Central Library, University of Rajshahi Reading Room 30/01/1997 Angkur book , 150.00   B 322.42095412 RAB 1996 03/01/2021 C-1 Books